| 000 | 00486nam a22001697a 4500 | ||
|---|---|---|---|
| 003 | NUST - PNEC | ||
| 005 | 20170116181014.0 | ||
| 008 | 150913b xxu||||| |||| 00| 0 eng d | ||
| 020 | _a0408013125 | ||
| 040 | _cLIBRARY | ||
| 082 | _a536.70285424 BAC | ||
| 100 |
_910393 _aBacon, D. H. (Dennis Henry) |
||
| 245 |
_aBASIC thermodynamics and heat transfer _cD. H. (Dennis Henry) Bacon |
||
| 260 | _cc.1983 | ||
| 650 |
_910396 _aBASIC (Computer program language) _xMIS |
||
| 942 |
_2ddc _cBK |
||
| 999 |
_c67222 _d67222 |
||